000 00547nam a2200181Ia 4500
005 20250923150255.0
008 008 250917s9999 xx 000 0 eng d
037 _aTextual
040 _aDSWL
_beng
_cDSWL
041 _aeng
_2eng
084 _aY:495:6.2, P9
_qDSWL
245 0 _aBeyond relocation : The imperative of sustainable resettlement
_cEd.by Renu Modi
260 _aNew Delhi
_b Sage Publications
_c2009
365 _aINR
_b850 . 0
925 _g850 . 0
942 _cTEXL
_hY:495:6.2, P9
999 _c1461552
_d1461552